000 00882cam a2200301 4500
008 090401t1998 xxu||||| |||| 00| 0 eng d
020 _a0854069038
035 _a(Sirsi) u92092
041 _aeng
050 _a526.9
110 _aFederation International Des Geometres
245 _aXXI International Congress : developing the profession in a developing world (Brighton, 19-25 1998). Commission 7 : cadastre and land management.
260 _aLondon
_bFIG
_c1998
300 _aix,793p. : ill. ; 21cm.
350 _a0
500 _aAlso held on CD-Rom.
650 _aCADASTRAL REFORM
650 _aCENTRAL EUROPE
650 _aCONFERENCES
650 _aDEVELOPING COUNTRIES
650 _aEASTERN EUROPE
650 _aLAND MANAGEMENT
650 _aLAND REGISTRATION
650 _aSURVEYORS
690 _aLAND SURVEYING
942 _n0
948 _c15/03/1999
999 _c97719
_d97719